Future city : (Record no. 11145)
[ view plain ]
| 000 -LEADER | |
|---|---|
| fixed length control field | 01412cam a22003497a 4500 |
| 001 - CONTROL NUMBER | |
| control field | 14862177 |
| 003 - CONTROL NUMBER IDENTIFIER | |
| control field | EG-ScBUE |
| 005 - DATE AND TIME OF LATEST TRANSACTION | |
| control field | 20221113030426.0 |
| 008 - FIXED-LENGTH DATA ELEMENTS--GENERAL INFORMATION | |
| fixed length control field | 070523t2006 enka f b 000 0 eng d |
| 020 ## - INTERNATIONAL STANDARD BOOK NUMBER | |
| International Standard Book Number | 0500286515 (pbk.) |
| 020 ## - INTERNATIONAL STANDARD BOOK NUMBER | |
| International Standard Book Number | 9780500286517 (pbk.) |
| 035 ## - SYSTEM CONTROL NUMBER | |
| System control number | (OCoLC)ocm71414048 |
| 035 ## - SYSTEM CONTROL NUMBER | |
| System control number | (OCoLC)71414048 |
| 040 ## - CATALOGING SOURCE | |
| Original cataloging agency | ZCU |
| Language of cataloging | eng |
| Description conventions | rda |
| Transcribing agency | ZCU |
| Modifying agency | UKM |
| -- | BAKER |
| -- | YDXCP |
| -- | DPL |
| -- | TXA |
| -- | DLC |
| -- | EG-ScBUE |
| 082 04 - DEWEY DECIMAL CLASSIFICATION NUMBER | |
| Classification number | 724.6 |
| Edition number | 22 |
| Item number | FUT |
| 245 00 - TITLE STATEMENT | |
| Title | Future city : |
| Remainder of title | experiment and utopia in architecture / |
| Statement of responsibility, etc | Edited by Jane Alison [and three others] |
| 246 30 - VARYING FORM OF TITLE | |
| Title proper/short title | Experiment and utopia in architecture |
| 264 #1 - PUBLICATION, DISTRIBUTION, ETC. (IMPRINT) | |
| Place of publication, distribution, etc | London : |
| Name of publisher, distributor, etc | Thames & Hudson, |
| Date of publication, distribution, etc | [2006] |
| 264 #4 - PUBLICATION, DISTRIBUTION, ETC. (IMPRINT) | |
| Date of publication, distribution, etc | c2006 |
| 300 ## - PHYSICAL DESCRIPTION | |
| Extent | 336 pages : |
| Other physical details | illustrations (chiefly color) ; |
| Dimensions | 24 cm |
| 500 ## - GENERAL NOTE | |
| General note | Catalog of an exhibition held 15 June 2006-17 September 2006 at the Barbican Art Gallery. |
| 504 ## - BIBLIOGRAPHY, ETC. NOTE | |
| Bibliography, etc | Includes bibliograohical references. |
| 650 #7 - SUBJECT ADDED ENTRY--TOPICAL TERM | |
| Topical term or geographic name as entry element | Architecture, Modern |
| General subdivision | Exhibitions |
| Chronological subdivision | 20th century. |
| Source of heading or term | BUEsh |
| 9 (RLIN) | 2958 |
| 650 #7 - SUBJECT ADDED ENTRY--TOPICAL TERM | |
| Topical term or geographic name as entry element | City planning |
| General subdivision | History |
| Chronological subdivision | 20th century. |
| Source of heading or term | BUEsh |
| 9 (RLIN) | 2959 |
| 650 #7 - SUBJECT ADDED ENTRY--TOPICAL TERM | |
| Topical term or geographic name as entry element | Architecture, Modern |
| General subdivision | Exhibitions |
| Chronological subdivision | 21st century. |
| Source of heading or term | BUEsh |
| 9 (RLIN) | 2960 |
| 650 #0 - SUBJECT ADDED ENTRY--TOPICAL TERM | |
| Topical term or geographic name as entry element | City planning |
| General subdivision | History |
| Chronological subdivision | 21st century. |
| Source of heading or term | BUEsh |
| 9 (RLIN) | 2961 |
| 653 ## - INDEX TERM--UNCONTROLLED | |
| Resource For college | Engineering, Architecture |
| 655 ## - INDEX TERM--GENRE/FORM | |
| Form subdivision | Reading book |
| 9 (RLIN) | 34232 |
| 700 1# - ADDED ENTRY--PERSONAL NAME | |
| Personal name | Alison, Jane, |
| Relator term | editor. |
| 9 (RLIN) | 2962 |
| 942 ## - ADDED ENTRY ELEMENTS (KOHA) | |
| Source of classification or shelving scheme | Dewey Decimal Classification |
| Koha item type | Book - Borrowing |
| Withdrawn status | Lost status | Source of classification or shelving scheme | Damaged status | Not for loan | Collection code | Home library | Current library | Shelving location | Date acquired | Source of acquisition | Cost, normal purchase price | Serial Enumeration / chronology | Total Checkouts | Total Renewals | Full call number | Barcode | Date last seen | Date checked out | Price effective from | Koha item type |
|---|---|---|---|---|---|---|---|---|---|---|---|---|---|---|---|---|---|---|---|---|
| Dewey Decimal Classification | Alahram | Central Library | Central Library | Second Floor | 31/03/2009 | 209.50 | 383 | 7 | 17 | 724.6 FUT | 000015815 | 15/07/2025 | 11/12/2024 | 31/03/2009 | Book - Borrowing |